| 000 | 00527cam a2200217ua 4500 | ||
|---|---|---|---|
| 001 | 8576 | ||
| 005 | 20260515114342.0 | ||
| 008 | 150206n xxu |||gr||||Z||||||eng | ||
| 020 | _a9780199538881 | ||
| 040 | _cMAIN | ||
| 041 | _aeng | ||
| 082 | _a823N | ||
| 100 |
_aTrotter, D., _eEditor. |
||
| 245 | 1 |
_aD. H. Lawrence sons and lo0vers _cEdited by David Trotter |
|
| 250 | _a1st. | ||
| 260 |
_aNew York: _bOxford, _c2009. |
||
| 300 | _axxxvii,484p. | ||
| 653 | _aEnglish fiction | ||
| 653 | _aEnglish novels | ||
| 942 | _cBK | ||
| 999 |
_c7670 _d7670 |
||